Racionalizácia v cestnej doprave racionalizácia a inovácia v podmienkach uplatňovania nového hospodárskeho mechanizmu : zborník prednášok : Liptovský Ján, 6.-8. decembra 1988

Enregistré dans:
Détails bibliographiques
Format: Livre
Langue:slovaque
Publié: Žilina Dom techn. ČSVTS 1988
Édition:1. vyd.
Tags: Ajouter un tag
Pas de tags, Soyez le premier à ajouter un tag!

MARC

LEADER 00000nam a2200000 4500
001 c033658
005 20221219092158.6
041 0 |a slo 
044 |a SK 
245 1 0 |a Racionalizácia v cestnej doprave  |b racionalizácia a inovácia v podmienkach uplatňovania nového hospodárskeho mechanizmu : zborník prednášok : Liptovský Ján, 6.-8. decembra 1988 
250 |a 1. vyd. 
264 1 |a Žilina  |b Dom techn. ČSVTS  |c 1988 
300 |a 236 s.